<The> Effects of the European Economic and Monetary Union (EMU) on National Fiscal Sustainability

Salvato in:
Dettagli Bibliografici
Autore principale: Mongelli, Francesco P.
Natura: Libro
Lingua:inglese
Pubblicazione: Washington International Monetary Fund 1996
Edizione:1. ed.
Serie:IMF working paper 72
Soggetti:
Tags: Aggiungi Tag
Nessun Tag, puoi essere il primo ad aggiungerne!!

MARC

LEADER 00000nam a2200000 4500
001 c017449
005 20221214070908.3
041 0 |a eng 
044 |a US 
245 1 0 |a <The> Effects of the European Economic and Monetary Union (EMU) on National Fiscal Sustainability  |c Francesco P. Mongelli 
250 |a 1. ed. 
264 1 |a Washington  |b International Monetary Fund  |c 1996 
300 |a 40 s. 
490 1 |a IMF working paper  |v 72 
830 0 |a IMF working paper  |v 72 
610 2 0 |a Európska únia 
610 2 0 |a Európska menová únia 
610 2 0 |a únie hospodárske 
610 2 0 |a únie menové 
610 2 0 |a politika fiškálna 
610 2 0 |a majetok finančný 
610 2 0 |a dotácie 
610 2 0 |a disciplína finančná 
610 2 0 |a spolupráca hospodárska medzinárodná 
100 1 |a Mongelli, Francesco P.